Optimization of power system operation / (Record no. 520)

000 -LEADER
fixed length control field 00647nam a22002177a 4500
001 - CONTROL NUMBER
control field 520
003 - CONTROL NUMBER IDENTIFIER
control field BD-DhUET
008 - FIXED-LENGTH DATA ELEMENTS--GENERAL INFORMATION
fixed length control field 110506s2009 nju b 001 0 eng
020 ## - INTERNATIONAL STANDARD BOOK NUMBER
International Standard Book Number 9780470298886
040 ## - CATALOGING SOURCE
Original cataloging agency UKM
Transcribing agency UKM
Modifying agency BD-DhUET
082 04 - DEWEY DECIMAL CLASSIFICATION NUMBER
Classification number 623.190151
Item number ZHU/2009
100 1# - MAIN ENTRY--PERSONAL NAME
Personal name Zhu, Jizhong,
245 10 - TITLE STATEMENT
Title Optimization of power system operation /
Statement of responsibility, etc. by Jizhong Zhu.
250 ## - EDITION STATEMENT
Edition statement Ist ed.
260 ## - PUBLICATION, DISTRIBUTION, ETC. (IMPRINT)
Place of publication, distribution, etc. Chichester :
Name of publisher, distributor, etc. John Wiley [distributor],
Date of publication, distribution, etc. 2009.
300 ## - PHYSICAL DESCRIPTION
Extent xviii, 603 p. ;
Dimensions 24 cm.
490 1# - SERIES STATEMENT
Series statement IEEE Press series on power engineering
504 ## - BIBLIOGRAPHY, ETC. NOTE
Bibliography, etc Includes bibliographies.
650 #0 - SUBJECT ADDED ENTRY--TOPICAL TERM
Topical term or geographic name as entry element Electric power Systems-Mathematical model
942 ## - ADDED ENTRY ELEMENTS (KOHA)
Koha item type General Book
Holdings
Shelving location Damaged status Lost status Source of classification or shelving scheme Piece designation (barcode) Koha full call number Koha date last borrowed Koha issues (times borrowed) Copy number Withdrawn status Location (home branch) Price effective from Koha normalized classification for sorting Koha date last seen Sublocation or collection (holding branch) Not for loan Koha item type Date acquired
Circulation section   109449623.190151/ZHU/2009  1 Central Library, BUET2014-07-23623_000000000000000_190151ZHU22014-07-23Central Library, BUET General Book2014-07-23
Circulation section   109450623.190151/ZHU/2009  2 Central Library, BUET2014-07-23623_000000000000000_190151ZHU22014-07-23Central Library, BUET General Book2014-07-23
Circulation section   109840623.190151/ZHU/20092025-06-3013 Central Library, BUET2014-07-23623_000000000000000_190151ZHU22025-07-12Central Library, BUET General Book2014-07-23